000 00349nam a2200133Ia 4500
005 20260328104314.0
008 260328s9999||||xx |||||||||||||| ||und||
100 _aJiménez, Javier
245 0 _aDibujo a Mano Alzada Para Diseñadores de Interiores /
_cJavier Jiménez
260 _bParramón
300 _a191 p.
650 _aDIBUJO
942 _cBK
999 _c11070
_d11070